000 00816nam a2200277 a 4500
001 37184
003 BD-RjUL
005 20211209052603.0
008 141026s1982 njua b 001 0 eng
020 _a0132121425
035 _a(BD-RjUL)37286
040 _aDLC
_cDLC
_dDLC
_dBD-RjUL
_beng
041 _aeng
082 0 0 _a621.380413
_219
_bROD 1982
100 1 _aRoden, Martin S.
_942552
245 1 0 _aDigital and data communication systems /
_cMartin S. Roden.
260 _aEnglewood Cliffs, N.J. :
_bPrentice-Hall,
_cc1982.
300 _axiv, 363 p. :
_bill. ;
_c24 cm.
500 _aIncludes index.
504 _aBibliography: p. 346-349.
650 0 _aDigital communications.
_9113734
650 0 _aData transmission systems.
_9408
942 _2ddc
_cBK
999 _c37184
_d37184